Countries That Smoke The Most Per Capita - Statistics

General Stats
  • This quiz has been taken 32 times
  • The average score is 7 of 16
Answer Stats
Rank # of Cigarettes Country % Correct
14 2,043.0 China
74%
9 2,295.0 Russia
71%
12 2,078.6 Greece
65%
3 2,911.3 Belarus
55%
5 2,491.6 Albania
52%
11 2,236.5 Slovenia
52%
7 2,427.9 Czech Republic
48%
13 2,060.3 Hungary
42%
4 2,784.9 North Macedonia
39%
2 6,330.9 Luxembourg
35%
16 1,985.7 Armenia
29%
6 2,440.9 Belgium
29%
1 6,398.3 Andorra
26%
15 2,037.5 Lebanon
23%
10 2,291.7 Syria
16%
8 2,306.1 Jordan
13%
No matching quizzes found
Score Distribution
Percent of People with Each Score
Percentile by Number Answered
Your Score History
You have not taken this quiz